000 00868nam a2200265Ia 4500
003 OSt
005 20220923210949.0
006 a|||||r|||| 00| 0
007 ta
008 220922b |||||||| |||| 00| 0 hin d
020 _a8126011793 (pb)
024 _a230,725
037 _cTextual
040 _aARTS
_cARTS
_bhin
041 _2hin
_ahin
082 _aO152,1J96:g, P1
100 _aमिश्र, रमेशचन्द्र
_9156365
245 0 _aसुन्दरदास
246 _aSundaradāsa
260 _aनई दिल्ली
_b साहित्य अकादमी
_c2001
300 _a129पृ.
_ccm.
490 _aभारतीय साहित्य के निर्माता
942 _hO152,1J96:g, P1
_cTEXL
_2CC
999 _c293234
_d293234